|
|
|
|
| LEADER |
01333nas a22002537a 4500 |
| 005 |
20230209133945.0 |
| 008 |
230208t2022 bg ||||| |||| 00| 0 ben d |
| 022 |
|
|
|a 2310-2403
|
| 040 |
|
|
|a BD-DhAAL
|c BD-DhAAL
|
| 041 |
|
|
|a ben
|
| 082 |
|
|
|a 079.095492
|2 23
|
| 245 |
|
|
|a প্রতিচিন্তা :
|b সমাজ, অর্থনীতি ও রাষ্টবিষয়ক ত্রৈমাসিক /
|c মতিউর রহমান সম্পাদিত.
|
| 260 |
|
|
|a ঢাকা :
|b প্রথমা প্রকাশন,
|c ২০২২
|
| 300 |
|
|
|a Vol. 22, no. 3(Oct./Dec.2022) ;
|c ২৪ সে.মি.
|
| 526 |
|
|
|a GenEd
|
| 541 |
|
|
|a Development Book Agency
|
| 650 |
|
|
|a Newspaper
|z Bangladesh.
|9 53582
|
| 651 |
|
|
|a Bangladesh
|x Politics and government.
|
| 651 |
|
|
|a Bangladesh
|x Economic conditions.
|
| 700 |
|
|
|a রহমান, মতিউর
|
| 942 |
|
|
|2 ddc
|c CR
|s 1
|
| 999 |
|
|
|c 45488
|d 45488
|
| 952 |
|
|
|0 0
|1 0
|2 ddc
|4 0
|6 079_095492000000000_PRO
|7 0
|8 REF
|9 73218
|a SCL
|b SCL
|c REF
|d 2023-02-09
|e Development Book Agency
|g 100.00
|h Vol. 22, no. 3(Oct./Dec.2022)
|l 0
|o 079.095492 PRO
|r 2023-02-09
|t 1
|w 2023-02-09
|y CR
|
| 952 |
|
|
|0 0
|1 0
|2 ddc
|4 0
|6 079_095492000000000_PRO
|7 0
|8 REF
|9 73219
|a SCL
|b SCL
|c REF
|d 2023-02-09
|e Development Book Agency
|g 100.00
|h Vol. 22, no. 3(Oct./Dec.2022)
|l 0
|o 079.095492 PRO
|r 2023-02-09
|t 2
|w 2023-02-09
|y CR
|